000 00392nam a22001217a 4500
008 230605b xxu||||| |||| 00| 0 eng d
082 _a328.3
_bIPU
110 _bInter-Parliamentary Union - 2016
245 _a135th IPU Assembly and Related Meetings
_bGeneva (Switzerland) 21-27 October 2016
260 _a Geneva, Switzerland
_bInter-Parliamentary Union
_c2016
300 _a111p
942 _2ddc
_cBK
999 _c391
_d391